Traditional cartography in Papua New Guinea

Bibliographic Details
Published in:The history of cartography, J.B. Harley and David Woodward, Chicago [etc.], p. 423-442 (3)
Main Author: Silverman, Eric K.
Content type: Article
Published: 1998
Source:MPIPL_cat
_version_ 1863687011937812484
author Silverman, Eric K.
author_facet Silverman, Eric K.
author_search Silverman, Eric K.
author_sort Silverman, Eric K.
author_variant e k s ek eks
collection_details MPIPL
container_reference p. 423-442
container_start_page 423
container_title Cartography in the traditional African, American, Arctic, Australian and Pacific Societies. vol. 2. 3
dedup_id_str MPIPL_cat.PL0086653
dewey-hierarchy 0/[Unassigned]/
dewey-hierarchy_str 0/[Unassigned]/
first_indexed 2026-03-14T00:40:31Z
format 0/Artikel/
format_str 0/Artikel/
fullrecord <?xml version="1.0" encoding="UTF-8"?> <collection xmlns:xsi="http://www.w3.org/2001/XMLSchema-instance" xsi:schemaLocation="http://www.loc.gov/MARC21/slim http://www.loc.gov/standards/marcxml/schema/MARC21slim.xsd" xmlns="http://www.loc.gov/MARC21/slim"> <record> <leader>00000naa a2200000 u 4500</leader> <controlfield tag="001">PL0086653</controlfield> <controlfield tag="003">PLI01000000000000000084363</controlfield> <controlfield tag="005">00000000000000.0</controlfield> <controlfield tag="008"> ||| u </controlfield> <datafield tag="100" ind1="1" ind2=" "> <subfield code="a">Silverman, Eric K.</subfield> </datafield> <datafield tag="245" ind1="0" ind2="0"> <subfield code="a">Traditional cartography in Papua New Guinea</subfield> <subfield code="c">Eric K. Silverman</subfield> </datafield> <datafield tag="260" ind1=" " ind2=" "> <subfield code="c">1998</subfield> </datafield> <datafield tag="952" ind1=" " ind2=" "> <subfield code="h">p. 423-442</subfield> </datafield> <datafield tag="996" ind1=" " ind2=" "> <subfield code="a">Aufsatz</subfield> </datafield> <datafield tag="997" ind1=" " ind2=" "> <subfield code="a">book chapter</subfield> </datafield> <datafield tag="773" ind1="0" ind2="8"> <subfield code="t">The history of cartography</subfield> <subfield code="a">J.B. Harley and David Woodward</subfield> <subfield code="k">3</subfield> <subfield code="d">Chicago [etc.]</subfield> <subfield code="g">p. 423-442</subfield> <subfield code="w">MPIPL_cat.PL0086269</subfield> <subfield code="z">0-226-90728-7</subfield> <subfield code="i">In:</subfield> </datafield> </record> </collection>
hierarchy_parent_id MPIPL_cat.PL0086269
hierarchy_parent_title Cartography in the traditional African, American, Arctic, Australian and Pacific Societies. vol. 2. 3
id MPIPL_cat.PL0086653
illustrated Not Illustrated
institution MPIPL_cat
institution_str MPIPL_cat
isbn 9780226907284
0-226-90728-7
language und
language_str und
last_indexed 2026-04-27T23:42:00Z
local_fields Aufsatz
online false
online_MPIPL_cat false
online_str false
publishDate 1998
publishDate_str 1998
record_format marc
spelling Silverman, Eric K.
Traditional cartography in Papua New Guinea
Eric K. Silverman
1998
The history of cartography
J.B. Harley and David Woodward
3
Chicago [etc.]
p. 423-442
0-226-90728-7
In
spellingShingle Silverman, Eric K.
Traditional cartography in Papua New Guinea
title Traditional cartography in Papua New Guinea
title_full Traditional cartography in Papua New Guinea Eric K. Silverman
title_fullStr Traditional cartography in Papua New Guinea Eric K. Silverman
title_full_unstemmed Traditional cartography in Papua New Guinea Eric K. Silverman
title_search Traditional cartography in Papua New Guinea
title_short Traditional cartography in Papua New Guinea
title_sort traditional cartography in papua new guinea eric k silverman